|
|
|
|
| LEADER |
01079nam a2200301 a 4500 |
| 001 |
17583 |
| 003 |
BD-DhAAL |
| 005 |
20140506132633.0 |
| 008 |
140505s1984 nyu b 001 0 eng d |
| 010 |
|
|
|a 83020004
|
| 020 |
|
|
|a 0671246925
|
| 040 |
|
|
|a DLC
|c DLC
|d DLC
|d BD-DhAAL
|
| 041 |
|
|
|a eng
|
| 050 |
0 |
0 |
|a HQ1426
|b .B76 1984
|
| 082 |
0 |
0 |
|a 305.4/2/0973
|2 19
|
| 100 |
1 |
|
|a Brownmiller, Susan.
|9 4389
|
| 245 |
1 |
0 |
|a Femininity /
|c Susan Brownmiller.
|
| 260 |
|
|
|a New York :
|b Linden Press/Simon & Schuster,
|c 1984.
|
| 300 |
|
|
|a 270 p. ;
|c 24 cm.
|
| 504 |
|
|
|a Includes index and bibliography: p. 239-255.
|
| 541 |
|
|
|e 17583
|
| 650 |
|
0 |
|a Women
|z United States
|x Psychology.
|9 4390
|
| 650 |
|
0 |
|a Femininity.
|9 3638
|
| 650 |
|
0 |
|a Beauty, Personal.
|9 4391
|
| 650 |
|
0 |
|a Women
|z United States
|x Social conditions.
|9 4392
|
| 942 |
|
|
|2 ddc
|c BK
|
| 999 |
|
|
|c 14319
|d 14319
|
| 952 |
|
|
|0 0
|1 0
|2 ddc
|4 0
|6 305_420973000000000_BRO
|7 0
|9 24284
|a BRACUL
|b BRACUL
|c GEN
|d 2014-05-06
|l 1
|o 305.420973 BRO
|p 3010017583
|r 2024-07-14
|s 2024-07-05
|t 1
|w 2014-05-06
|y BK
|x Transferred from ENH to Ayesha Abed library on 20/12/2023
|